[Event "EU-chT 24th"]
[Site "Budva"]
[Date "2023.11.13"]
[Round "3.17"]
[White "Rodgaard, John"]
[Black "Lazov, Toni"]
[Result "1/2-1/2"]
[WhiteElo "2281"]
[BlackElo "2377"]
[PlyCount "64"]
[EventDate "2023.11.11"]
[EventType "team-swiss"]
[EventRounds "9"]
[EventCountry "MNE"]
[SourceTitle "CB47_2023"]
[SourceDate "2023.11.22"]
[SourceVersion "1"]
[SourceVersionDate "2023.11.22"]
[SourceQuality "1"]
[WhiteTeam "Faroe Islands"]
[BlackTeam "North Macedonia"]
[WhiteTeamCountry "FAI"]
[BlackTeamCountry "MKD"]

1. Nf3 g6 2. c4 Bg7 3. d4 d6 4. Nc3 Nd7 5. e4 e5 6. Be2 Ngf6 7. 0-0 0-0 8. Qc2 Qe7 9. Rd1 c6 10. Rb1 a5 11. dxe5 dxe5 12. Na4 Re8 13. h3 b6 14. Be3 Rb8 15. c5 b5 16. Nb6 Bf8 17. Rbc1 Nxb6 18. cxb6 Bb7 19. Nd2 a4 20. b3 a3 21. f3 Nd7 22. Nb1 Red8 23. Bf1 Ba8 24. Qf2 Qe6 25. Kh2 Bb4 26. h4 f5 27. exf5 gxf5 28. g3 Rf8 29. Rc2 Rf7 30. Bh3 Bf8 31. Nc3 Kh8 32. Ne4 Qg6 1/2-1/2

[Event "Olympiad-44"]
[Site "Chennai"]
[Date "2022.08.09"]
[Round "11.4"]
[White "Nsubuga, Haruna"]
[Black "Rodgaard, John"]
[Result "1-0"]
[WhiteElo "2160"]
[BlackElo "2324"]
[PlyCount "55"]
[EventDate "2022.07.29"]
[EventType "team-swiss"]
[EventRounds "11"]
[EventCountry "IND"]
[SourceTitle "CBM 210"]
[Source "ChessBase"]
[SourceDate "2022.10.31"]
[SourceVersion "1"]
[SourceVersionDate "2022.10.31"]
[SourceQuality "1"]
[WhiteTeam "Uganda"]
[BlackTeam "Faroe Islands"]
[WhiteTeamCountry "UGA"]
[BlackTeamCountry "FAI"]

1. e4 e6 2. Nf3 d5 3. e5 c5 4. b4 cxb4 5. a3 Qa5 6. d4 Nc6 7. Bd3 Bd7 8. 0-0 a6 9. Bd2 Rc8 10. c3 bxc3 11. Nxc3 Qc7 12. Qb1 Nge7 13. Rc1 Ng6 14. h4 Be7 15. g3 b5 16. a4 b4 17. Nb5 Qb6 18. h5 axb5 19. hxg6 hxg6 20. Bxb5 0-0 21. Kg2 Rc7 22. Rh1 Nxd4 23. Be3 Bc5 24. Bxd4 Bxd4 25. Qxb4 Rc4 26. Rh8+ Kxh8 27. Qxf8+ Kh7 28. Rh1# 1-0

[Event "EU Small Countries ol 6th"]
[Site "San Marino"]
[Date "2019.03.24"]
[Round "1.4"]
[White "Rodgaard, John"]
[Black "Pace, Colin"]
[Result "1/2-1/2"]
[WhiteElo "2281"]
[BlackElo "2122"]
[PlyCount "119"]
[EventDate "2019.03.24"]
[EventType "team-tourn"]
[EventRounds "9"]
[EventCountry "SMR"]
[SourceTitle "CBM 189 Extra"]
[Source "ChessBase"]
[SourceDate "2019.06.03"]
[SourceVersion "1"]
[SourceVersionDate "2019.06.03"]
[SourceQuality "1"]
[WhiteTeam "Faroe Islands"]
[BlackTeam "Malta"]
[WhiteTeamCountry "FAI"]
[BlackTeamCountry "MLT"]

1. Nf3 g6 2. c4 Bg7 3. d4 f5 4. g3 Nf6 5. Bg2 0-0 6. b3 d6 7. Bb2 Qe8 8. 0-0 h6 9. Nc3 Na6 10. d5 g5 11. Nd4 Bd7 12. e3 c5 13. Nde2 Nc7 14. a4 a5 15. Qd2 Qh5 16. e4 fxe4 17. Nxe4 Nxe4 18. Bxe4 Bxb2 19. Qxb2 Bh3 20. Bg2 Bxg2 21. Kxg2 Qf3+ 22. Kg1 Ne8 23. Rac1 Nf6 24. Rc3 Qh5 25. f3 Qh3 26. Nc1 e5 27. dxe6 Qxe6 28. Qd2 Rfe8 29. Rd3 Rad8 30. Qxa5 d5 31. Qxc5 dxc4 32. Rxd8 Rxd8 33. Qxc4 Qxc4 34. bxc4 Rc8 35. Nd3 Rxc4 36. Rb1 Rxa4 37. Rxb7 Ra2 38. Ne5 h5 39. Nf7 g4 40. Nh6+ Kh8 41. fxg4 Nxg4 42. Nf7+ Kg8 43. h3 Ra1+ 44. Kg2 Ra2+ 45. Kf3 Rf2+ 46. Ke4 Rxf7 47. Rxf7 Kxf7 48. hxg4 hxg4 49. Kf5 Kg7 50. Kg5 Kf7 51. Kxg4 Kg6 52. Kf4 Kf6 53. g4 Kg6 54. g5 Kg7 55. Kf5 Kf7 56. g6+ Kg7 57. Kg5 Kg8 58. Kf4 Kg7 59. Kf5 Kg8 60. Ke5 1/2-1/2

[Event "DEN-chT 1819 57th"]
[Site "Denmark"]
[Date "2019.03.16"]
[Round "8.5"]
[White "Hector, Jonny"]
[Black "Rodgaard, John"]
[Result "1/2-1/2"]
[WhiteElo "2507"]
[BlackElo "2331"]
[PlyCount "94"]
[EventDate "2018.10.27"]
[EventType "team-tourn"]
[EventRounds "9"]
[EventCountry "DEN"]
[SourceTitle "CBM 189 Extra"]
[Source "ChessBase"]
[SourceDate "2019.06.03"]
[SourceVersion "1"]
[SourceVersionDate "2019.06.03"]
[SourceQuality "1"]
[WhiteTeam "Nordkalotten"]
[BlackTeam "Evans"]
[WhiteTeamCountry "DEN"]
[BlackTeamCountry "DEN"]

1. e4 e6 2. d4 d5 3. Nc3 Bb4 4. Bd3 dxe4 5. Bxe4 Nf6 6. Bf3 c5 7. Nge2 Nc6 8. Be3 cxd4 9. Nxd4 Bxc3+ 10. bxc3 Ne5 11. Nb5 Qa5 12. Be2 0-0 13. Qd6 Nc6 14. 0-0 Nd5 15. c4 Nxe3 16. fxe3 e5 17. Rad1 Be6 18. Qc7 Rfc8 19. Qxa5 Nxa5 20. Nd6 Rc7 21. Rd2 g6 22. Rb1 b6 23. Rb5 Bxc4 24. Rxa5 Bxe2 25. Rxe5 Bc4 26. Nxc4 Rxc4 27. Re7 a5 28. Rb7 Rc6 29. h4 Rf6 30. Rc7 Re8 31. Rc3 Re4 32. Rd4 Rxd4 33. exd4 Rf4 34. Rc8+ Kg7 35. c3 b5 36. g3 Rf3 37. Kg2 Rd3 38. Kh3 h5 39. Rc5 b4 40. cxb4 axb4 41. Rc4 b3 42. axb3 Rxb3 43. Kg2 Rd3 44. Ra4 Kf6 45. Ra6+ Kf5 46. Ra5+ Ke6 47. Ra6+ Kf5 1/2-1/2

[Event "Olympiad-43"]
[Site "Batumi"]
[Date "2018.10.05"]
[Round "11.2"]
[White "Cupid, Kevin"]
[Black "Rodgaard, John"]
[Result "1/2-1/2"]
[WhiteElo "2124"]
[BlackElo "2331"]
[PlyCount "76"]
[EventDate "2018.09.24"]
[EventType "team-swiss"]
[EventRounds "11"]
[EventCountry "GEO"]
[SourceTitle "CBM 187"]
[Source "ChessBase"]
[SourceDate "2018.12.11"]
[SourceVersion "1"]
[SourceVersionDate "2018.12.11"]
[SourceQuality "1"]
[WhiteTeam "Trinidad and Tobago"]
[BlackTeam "Faroe Islands"]
[WhiteTeamCountry "TRI"]
[BlackTeamCountry "FAI"]

1. d4 d5 2. c4 e6 3. Nc3 c6 4. e3 Nf6 5. Nf3 Nbd7 6. a3 Bd6 7. Be2 dxc4 8. Bxc4 0-0 9. b4 e5 10. Bb2 a5 11. b5 exd4 12. Qxd4 Nb6 13. Ne4 Nxc4 14. Qxc4 cxb5 15. Nxf6+ Qxf6 16. Qxb5 Qh6 17. Rd1 Bg4 18. Qa4 Bxf3 19. gxf3 Rfe8 20. Rd3 Be5 21. Bxe5 Rxe5 22. Ke2 b5 23. Qg4 Rae8 24. Rg1 g6 25. h4 Rc5 26. Rgd1 Qf8 27. Qd4 Qe7 28. Qd7 Kf8 29. Qxe7+ Rxe7 30. Rd8+ Re8 31. R8d7 Re7 32. Rd8+ Kg7 33. Ra8 a4 34. Rb8 Rec7 35. Kf1 Rh5 36. Rd4 Rc3 37. Rf4 Rc7 38. Rb4 Rc3 1/2-1/2

[Event "Faroes op"]
[Site "Sandavagur"]
[Date "2018.07.09"]
[Round "3"]
[White "Miezis, Normunds"]
[Black "Rodgaard, John"]
[Result "0-1"]
[WhiteElo "2463"]
[BlackElo "2319"]
[PlyCount "64"]
[EventDate "2018.07.07"]
[EventType "swiss"]
[EventRounds "9"]
[EventCountry "FAI"]
[SourceTitle "CBM 185 Extra"]
[Source "ChessBase"]
[SourceDate "2018.07.29"]
[SourceVersion "1"]
[SourceVersionDate "2018.07.29"]
[SourceQuality "1"]

1. e4 e6 2. d4 d5 3. exd5 exd5 4. Nf3 Nf6 5. Bd3 Bg4 6. 0-0 Be7 7. h3 Bh5 8. Re1 0-0 9. Nc3 Nbd7 10. g4 Bg6 11. Bxg6 fxg6 12. Ng5 Re8 13. Ne6 Qc8 14. Bf4 g5 15. Bg3 Bd8 16. Nb5 Nf8 17. Nexc7 Rxe1+ 18. Qxe1 a6 19. Qa5 Rb8 20. Nc3 b6 21. Qxa6 Bxc7 22. Qxc8 Rxc8 23. Re1 Bxg3 24. fxg3 Kf7 25. a4 Ne6 26. Rd1 Rc4 27. Nb5 Rxc2 28. b4 Ne4 29. a5 bxa5 30. bxa5 Ra2 31. Rf1+ Ke7 32. Na7 Nxd4 0-1

[Event "Budapest FS02 IM"]
[Site "Budapest"]
[Date "2018.02.10"]
[Round "7"]
[White "Farago, Sandor"]
[Black "Rodgaard, John"]
[Result "1/2-1/2"]
[WhiteElo "2203"]
[BlackElo "2320"]
[PlyCount "110"]
[EventDate "2018.02.03"]
[EventType "tourn"]
[EventRounds "9"]
[EventCountry "HUN"]
[EventCategory "1"]
[SourceTitle "CBM 182 Extra"]
[Source "ChessBase"]
[SourceDate "2018.02.23"]
[SourceVersion "1"]
[SourceVersionDate "2018.02.23"]
[SourceQuality "1"]

1. e4 e6 2. d4 d5 3. Nc3 Bb4 4. e5 Ne7 5. Qg4 c5 6. a3 Qa5 7. Bd2 cxd4 8. axb4 Qxa1+ 9. Nd1 Nbc6 10. Nf3 Ng6 11. Qg3 f6 12. exf6 gxf6 13. Bd3 Nce7 14. Nxd4 e5 15. Nb5 0-0 16. 0-0 e4 17. Be2 Qa6 18. c4 Be6 19. Nc7 Qc6 20. cxd5 Bxd5 21. Nxa8 Rxa8 22. Ne3 Be6 23. h4 Kf7 24. Rc1 Qd7 25. Bc3 Nd5 26. Nxd5 Qxd5 27. Rd1 Qf5 28. Qc7+ Kg8 29. Qxb7 Re8 30. Qb5 Qxb5 31. Bxb5 Rb8 32. Bc6 f5 33. g3 Ne7 34. Ba4 Kf7 35. b5 Rb7 36. Rd8 Bc4 37. Rh8 Kg6 38. h5+ Kh6 39. Bd2+ Kg7 40. Re8 Kf7 41. Ra8 Nd5 42. Rh8 Nf6 43. Rc8 Be6 44. Ra8 Nd5 45. Rh8 Kg7 46. Rd8 Kf7 47. Bh6 Nf6 48. Rf8+ Ke7 49. Ra8 Nd5 50. Bg5+ Kd6 51. Rd8+ Ke5 52. h6 f4 53. gxf4+ Nxf4 54. Kh2 Kf5 55. Bxf4 Kxf4 1/2-1/2

[Event "Budapest FS02 IM"]
[Site "Budapest"]
[Date "2018.02.05"]
[Round "3"]
[White "Nguyen, Van Thanh"]
[Black "Rodgaard, John"]
[Result "1/2-1/2"]
[WhiteElo "2312"]
[BlackElo "2320"]
[PlyCount "79"]
[EventDate "2018.02.03"]
[EventType "tourn"]
[EventRounds "9"]
[EventCountry "HUN"]
[EventCategory "1"]
[SourceTitle "CBM 182 Extra"]
[Source "ChessBase"]
[SourceDate "2018.02.23"]
[SourceVersion "1"]
[SourceVersionDate "2018.02.23"]
[SourceQuality "1"]

1. d4 d5 2. Nf3 Nf6 3. c4 c6 4. Qc2 dxc4 5. Qxc4 Bg4 6. Nbd2 g6 7. h3 Bxf3 8. Nxf3 Bg7 9. e3 0-0 10. Be2 Nbd7 11. 0-0 Qb6 12. b4 a5 13. bxa5 Qxa5 14. Bd2 Qa4 15. Qxa4 Rxa4 16. Bd1 Ra7 17. Rb1 Rb8 18. Bb3 Ne4 19. Bb4 Bf8 20. Rfc1 e6 21. Be1 Ba3 22. Rc2 Kf8 23. Nd2 Nxd2 24. Bxd2 Ke7 25. Kf1 c5 26. dxc5 Bxc5 27. Ke2 b6 28. Rd1 Bd6 29. Rb1 Rc7 30. Rxc7 Bxc7 31. g4 Bd6 32. f4 Nc5 33. Bc4 Ne4 34. Be1 Bc5 35. Bd3 Nd6 36. a4 Ra8 37. Ra1 Ra7 38. Bc3 f6 39. e4 Nf7 40. a5 1/2-1/2

[Event "Budapest FS02 IM"]
[Site "Budapest"]
[Date "2018.02.03"]
[Round "1"]
[White "Kumar, Nikhil"]
[Black "Rodgaard, John"]
[Result "1-0"]
[WhiteElo "2258"]
[BlackElo "2320"]
[PlyCount "85"]
[EventDate "2018.02.03"]
[EventType "tourn"]
[EventRounds "9"]
[EventCountry "HUN"]
[EventCategory "1"]
[SourceTitle "CBM 182 Extra"]
[Source "ChessBase"]
[SourceDate "2018.02.23"]
[SourceVersion "1"]
[SourceVersionDate "2018.02.23"]
[SourceQuality "1"]

1. d4 d5 2. c4 c6 3. Nf3 Nf6 4. e3 Bf5 5. Nc3 e6 6. Nh4 Bg6 7. Nxg6 hxg6 8. Bd3 Nbd7 9. Qc2 Be7 10. h3 0-0 11. 0-0 dxc4 12. Bxc4 c5 13. Rd1 cxd4 14. Rxd4 Rc8 15. Qe2 Qc7 16. Nb5 Qb8 17. Rd1 a6 18. Nd4 Rfd8 19. Bd2 e5 20. Nf3 e4 21. Nd4 Ne5 22. Bb3 Bc5 23. Bc3 Nd5 24. Bc2 Nf6 25. Rac1 Qc7 26. Nb3 Bb6 27. Bd4 Bxd4 28. exd4 Nc4 29. Bxe4 Re8 30. f3 b5 31. Nd2 Qf4 32. Nxc4 bxc4 33. Rxc4 Rxc4 34. Qxc4 Qe3+ 35. Kh1 Qf2 36. Bxg6 Re2 37. Qxf7+ Kh8 38. Qf8+ Ng8 39. Rg1 Re1 40. Rxe1 Qxe1+ 41. Kh2 Qd2 42. Qb8 Qxd4 43. Bf7 1-0